01145nam a22002417a 45000010005000000030006000050050017000110080041000280200018000690400029000870500013001160820011001291000018001402450045001582500028002032600037002313000048002685050008003165200492003245210029008165210020008457000038008657083FISKH20250620111051.0250620b cb ||||| |||| 00| 0 eng d a9780753455166 aFISKHbengcFISKHdFISKH aQK49.S62 a581.03 aSmiley, Simon aE.T. discovers plants /cBy Simon Smiley aFirst published in 2002 aNew York : bKingfisher ,c2002. a29 pages : bcolor illustrations ;c28 cm . aN  aBees turn the nectar that they collect into honey. To make one teaspoonfull, they must fly an average of 109 miles (175km). E.T. discovers that burning wood is better for the planet than burning coal and oil -- as long as we replace the trees. E.T. has collected many so fascinating facts that he has to send them back to his planet to be analysed--and you can analyze them too in the Information Overload panels that border each page of this colorful exploration of the world of plants.8 a580 bLexile estimate 8 aN bRaz-Plus  aWeber, Belinda eProject manager